000
00475nam a2200169Ia 4500
008
090711s9999 xx 000 0 und d
082
_b
1701
100
_a
गस्ती भीमराव
245
_a
बेरड
260
_b
राजहंस प्रकाशन
_c
1999
300
_a
310
600
_a
गस्ती भीमराव
630
_a
बेरड
700
_a
गस्ती भीमराव
730
_a
बेरड
942
_c
BOOK
999
_c
336675
_d
336675